000 00515nam a2200169 i 4500
001 89349
003 ES-MaACL
005 20230906180143.0
007 t|
008 050110s1964 sp ||||1| spa d
100 1 _aLangley, Leroy Lester.
_970061
245 1 0 _aElementos de fisiologĂ­a /
_cL.L. Langley ; traducido por Arsenio Fraile Ovejero.
260 _aZaragoza :
_bAcribia,
_c1964.
300 _a399 p. :
_bil. ;
_c24 cm.
700 1 _aFraile Ovejero, Arsenio.
_952113
852 _aES-MaACL
_jC-26151
_bR.54567
999 _c89349
_d89349